Statistics for Dyin' Ain't So Bad - Bonnie & Clyde The Musical - Lyrics

Click here to take the quiz!

General Stats

  • This quiz has been taken 9 times
  • The average score is 190 of 195

Answer Stats

Answer% Correct
a
100%
A
100%
ain't
100%
air
100%
all
100%
and
100%
And
100%
are
100%
bad
100%
be
100%
both
100%
'bout
100%
breathe
100%
but
100%
But
100%
chair
100%
days
100%
do
100%
don't
100%
dusty
100%
dyin'
100%
Dyin'
100%
end
100%
for
100%
get
100%
go
100%
his
100%
horses
100%
how
100%
I
100%
if
100%
If
100%
I'm
100%
in
100%
it
100%
it's
100%
I've
100%
just
100%
life
100%
like
100%
live
100%
love
100%
lovin
100%
lovin'
100%
me
100%
met
100%
much
100%
need
100%
Not
100%
not
100%
on
100%
once
100%
rather
100%
rockin'
100%
sad
100%
short
100%
so
100%
sorry,
100%
strong
100%
talk
100%
than
100%
that
100%
That
100%
that's
100%
Then
100%
they
100%
through
100%
to
100%
together
100%
up
100%
when
100%
When
100%
who
100%
you
100%
your
100%
behind
88%
can't
88%
'Cause
88%
couldn't
88%
does
88%
farms
88%
first
88%
God
88%
gotta
88%
happen
88%
hope
88%
I'd
88%
left
88%
memories
88%
Mine
88%
Only
88%
only
88%
ours
88%
replace
88%
some
88%
There
88%
things
88%
too
88%
twice
88%
will
88%
alone
75%
boys
75%
one's
75%
Seems
75%
you're
75%

Score Distribution

Percentile by Number Answered

Percent of People with Each Score

Your Score History

You have not taken this quiz